| 000 | 00993nam a22002537a 4500 | ||
|---|---|---|---|
| 999 |
_c5495 _d5495 |
||
| 003 | AR-CdUCM | ||
| 008 | 190312b ||||| |||| 00| 0 spa d | ||
| 040 |
_aMUNICIPALIDAD PROVINCIAL DEL CUSCO _cBIBLIOTECA MUNICIPAL DEL CUSCO |
||
| 082 |
_23ed. _a184.1 / _bR42 |
||
| 100 |
_aPlatón 428 ó 7-347 a.C. _916451 |
||
| 245 | _aLa República / | ||
| 260 |
_aMadrid : _bClásicos Bergua ; _c1966. |
||
| 300 |
_a644 páginas ; _c17cm |
||
| 440 |
_aColección Tesoro Literario _n15 _916486 |
||
| 505 | _aContenido: Sobre la función y virtud propia del alma -- Nacimiento del Estado -- Sobre el amor sensual -- Sobre los principios esenciales del alma -- Inferioridad de la mujer respecto al hombre... | ||
| 650 |
_aEstado _9738 |
||
| 650 |
_aAlma _96475 |
||
| 650 |
_aCorrupción _95144 |
||
| 650 |
_aDialéctica _95490 |
||
| 650 |
_aFilosofía _9395 |
||
| 700 |
_aBergua, Juan B. (traducción, estudios preliminares, notas y evocación atica) _916487 |
||
| 942 |
_2ddc _cLIBROS |
||
| 945 | _anom | ||